000 00530nam a22001817a 4500
005 20231102144326.0
008 231102b |||||||| |||| 00| 0 eng d
020 _a0409033040
041 _aEnglish
082 _a346.6 HEN
100 _lEnglish
245 _aHenochsberg on the Companies Act /
_cPM Meskin
250 _aFifth Edition
260 _aDurban :
_bButterworth Publishers (Pty) Ltd,
_c1994
300 _b159 pages ;
_c26 cm.
650 _aLegal practice
_bLaw
942 _cBK
_6ALISON_BN_VRIES
999 _c265
_d265